00447nam a22001577a 450000500170000001000150001702000260003203500140005803700090007208200110008110000160009224500470010826000400015527000720019530000220026720250113170234.0 aENG-143337 a9788182473607c695.00 aEN-126869 bDBAD a372.21 aSharma, G.D aWomen and Child Education/ cby G.D Sharma aPanchkulabDelhi Book Bureau c2012 aSCO 43, Ist Floor, Swastick Vihar, MDC Complex, bPanchkulae134113 a223p. c22cm(Hb)